书目信息 |
| 题名: |
绿化工.三级
|
|
| 作者: | ;上海市职业技术鉴定中心 组织编写 | |
| 分册: | ||
| 出版信息: | 北京 中国劳动社会保障出版社 2013 |
|
| 页数: | 434 | |
| 开本: | 26cm | |
| 丛书名: | ||
| 单 册: | ||
| 中图分类: | S73 | |
| 科图分类: | ||
| 主题词: | 绿化 | |
| 电子资源: | ||
| ISBN: | 978-7-5167-0091-4 | |
| 000 | 00647nam0 2200181 450 | |
| 001 | 1735846483 | |
| 005 | 20170410095726.48 | |
| 010 | @a978-7-5167-0091-4 | |
| 100 | @a20170410d km y0chiy0120 ea | |
| 101 | 0 | @achi |
| 200 | 1 | @a绿化工.三级@Alu hua gong.san ji@f上海市职业技术鉴定中心组织编写@Fshang hai shi zhi ye ji shu jian ding zhong xin zu zhi bian xie |
| 210 | @a北京@c中国劳动社会保障出版社@d2013 | |
| 215 | @a434@d26cm | |
| 606 | 0 | @a绿化 |
| 690 | @aS73@v4 | |
| 711 | 02 | @a上海市职业技术鉴定中心@Ashang hai shi zhi ye ji shu jian ding zhong xin@4组织编写 |
| 801 | 0 | @aCN@b大连网信软件有限公司图书馆·11@c20170410 |
| 905 | @b6604104@dS73@en3@f1 | |
| 绿化工.三级/上海市职业技术鉴定中心组织编写.-北京:中国劳动社会保障出版社,2013 |
| 434;26cm |
| ISBN 978-7-5167-0091-4: |
| ● |
| 相关链接 |
|
|
|
|
正题名:绿化工·三级
索取号:S73/n3
 
预约/预借
| 序号 | 登录号 | 条形码 | 馆藏地/架位号 | 状态 | 备注 |
| 1 | 6604104 | 266041044 | 密集书库-生命科学系/ [索取号:S73/n3] | 在馆 |